000 01624cam a2200361 a 4500
001 z9mscp b6216178
003 OSt
005 20250317102342.0
008 070213s2002 maua b 001 0 eng d
020 _a0738206091
035 _a(Sirsi) i9780738206097
040 _aUOK
_beng
_cUOK
_dSBH
_dSPP
_dOCLCQ
_dMUJ
092 _a618.45
_bKLA
100 1 _aKlaus, Marshall H.,
_d1927-2017.
_0https://id.loc.gov/authorities/names/n79065319.
245 1 4 _aThe doula book :
_bhow a trained labor companion can help you have a shorter, easier and healthier birth /
_cMarshall H. Klaus, John H. Kennell, Phyllis H. Klaus.
246 3 _aShorter, easier and healthier birth.
250 _a2nd ed.
264 1 _aReading, Mass. :
_bPerseus Books,
_c[2002]
264 4 _c℗♭2002.
300 _aix, 243 pages :
_billustrations ;
_c23 cm.
336 _atext
_btxt
_2rdacontent.
337 _aunmediated
_bn
_2rdamedia.
338 _avolume
_bnc
_2rdacarrier.
500 _a"Portions of this book appeared in the earlier edition entitled Mothering the mother, published by Addison-Wesley in 1993"--P. [iv].
504 _aIncludes bibliographical references and index.
650 0 _aDoulas.
_0https://id.loc.gov/authorities/subjects/sh92005410.
650 0 _aNatural childbirth
_xCoaching.
_0https://id.loc.gov/authorities/subjects/sh89003834.
700 1 _aKennell, John H.,
_d1922-2013.
_0https://id.loc.gov/authorities/names/n81090614.
700 1 _aKlaus, Phyllis H.
_0https://id.loc.gov/authorities/names/n85018911.
700 1 _aKlaus, Marshall H.,
_d1927-2017.
_tMothering the mother.
907 _a.b455380648
942 _cBK
999 _c30930
_d30928